000
00255nam a2200097Ia 4500
001
641665
005
20250826153511.0
008
250824s9999 xx 000 0 und d
245
0
_a
ALTIN IŞIK GENÇLİK KLASİKLERİ
_c
ZİYA GÖKALP
260
_b
TİMAŞ ÇOCUK
999
_c
641665
_d
641665